Statistics for Super Bowl Host Cities

Click here to take the quiz!

General Stats

  • This quiz has been taken 96 times
  • The average score is 45 of 58

Answer Stats

YearCityState% Correct
III1969MiamiFL
99%
V1971MiamiFL
99%
X1976MiamiFL
99%
XIII1979MiamiFL
99%
II1968MiamiFL
99%
I1967Los AngelesCA
97%
VII1973Los AngelesCA
97%
LI2017HoustonTX
96%
VIII1974HoustonTX
96%
XXXVIII2004HoustonTX
96%
XX1986New OrleansLA
95%
XLVII2013New OrleansLA
95%
XXXVI2002New OrleansLA
95%
XXXI1997New OrleansLA
95%
XXIV1990New OrleansLA
95%
LVIII2024New OrleansLA
95%
IX1975New OrleansLA
95%
IV1970New OrleansLA
95%
XII1978New OrleansLA
95%
XV1981New OrleansLA
95%
VI1972New OrleansLA
95%
XXVIII1994AtlantaGA
94%
LIII2019AtlantaGA
94%
XXXIV2000AtlantaGA
94%
XXV1991TampaFL
92%
XVIII1984TampaFL
92%
XLIII2009TampaFL
92%
LV2021TampaFL
92%
XXXV2001TampaFL
92%
LII2018MinneapolisMN
91%
XXVI1992MinneapolisMN
91%
XXII1988San DiegoCA
90%
XXXII1998San DiegoCA
90%
XXXVII2003San DiegoCA
90%
XXXIX2005JacksonvilleFL
89%
XL2006DetroitMI
87%
XLVI2012IndianapolisIN
75%
XVII1983PasadenaCA
58%
XI1977PasadenaCA
58%
XXVII1993PasadenaCA
58%
XXI1987PasadenaCA
58%
XIV1980PasadenaCA
58%
XLV2011ArlingtonTX
57%
XLVIII2014East RutherfordNJ
54%
LVII2023GlendaleAZ
54%
XLIX2015GlendaleAZ
54%
XLII2008GlendaleAZ
54%
XXX1996TempeAZ
48%
502016Santa ClaraCA
47%
XXIX1995Miami GardensFL
39%
XLIV2010Miami GardensFL
39%
XXXIII1999Miami GardensFL
39%
XXIII1989Miami GardensFL
39%
LIV2020Miami GardensFL
39%
XLI2007Miami GardensFL
39%
XVI1982PontiacMI
37%
LVI2022InglewoodCA
32%
XIX1985StanfordCA
22%

Score Distribution

Percentile by Number Answered

Percent of People with Each Score

Your Score History

You have not taken this quiz